[Event "Philadelphia Open"]
[Site "Philadelphia"]
[Date "2013.03.28"]
[Round "3"]
[White "Homa, Seth"]
[Black "Smith, Bryan"]
[Result "0-1"]
[WhiteElo "2389"]
[BlackElo "2521"]
[PlyCount "78"]
[EventDate "2013.03.??"]
[EventType "swiss"]
[EventRounds "9"]
[EventCountry "USA"]
[Source "MonRoi"]

1. e4 g6 2. d4 Bg7 3. Nc3 c6 4. f4 d5 5. e5 Nh6 6. Nf3 Bg4 7. h3 Bxf3 8. Qxf3
f6 9. g4 fxe5 10. fxe5 e6 11. Be3 Nf7 12. g5 c5 13. Qg4 O-O 14. dxc5 Qe7 15.
O-O-O Nc6 16. h4 Nfxe5 17. Qa4 Nf3 18. Nb5 d4 19. Bd2 Nxd2 20. Rxd2 Be5 21. Rd1
Qxc5 22. Qb3 Nb4 23. Re1 Rac8 24. Qxe6+ Rf7 25. Na3 Bf4+ 26. Kd1 d3 27. c3 Nd5
28. Bxd3 Nxc3+ 29. bxc3 Qxc3 30. Qxc8+ Qxc8 31. Bc4 Kg7 32. Bxf7 Qc1+ 33. Ke2
Qe3+ 34. Kf1 Qf3+ 35. Kg1 Qg3+ 36. Kf1 Qf3+ 37. Kg1 Be3+ 38. Kh2 Qf2+ 39. Kh3
Bf4 0-1

[Event "Philadelphia Open"]
[Site "Philadelphia"]
[Date "2013.03.28"]
[Round "3"]
[White "Bryant, John"]
[Black "Chandra, Akshat"]
[Result "1-0"]
[WhiteElo "2570"]
[BlackElo "2277"]
[PlyCount "40"]
[EventDate "2013.03.??"]
[EventType "swiss"]
[EventRounds "9"]
[EventCountry "USA"]
[Source "MonRoi"]

1. e4 c5 2. Nf3 Nc6 3. c3 d5 4. exd5 Qxd5 5. d4 cxd4 6. cxd4 e5 7. Nc3 Bb4 8.
Bd2 Bxc3 9. Bxc3 e4 10. Ne5 Nxe5 11. dxe5 Ne7 12. Qe2 O-O 13. Rd1 Qc6 14. Rd6
Qa4 15. b3 Qa3 16. Qd2 Qc5 17. Bc4 e3 18. fxe3 Nf5 19. Rd3 Re8 20. e4 Nh4 1-0

[Event "Philadelphia Open"]
[Site "Philadelphia"]
[Date "2013.03.28"]
[Round "3"]
[White "Balasubramanian, A."]
[Black "Shabalov, Alexander"]
[Result "1-0"]
[WhiteElo "2351"]
[BlackElo "2550"]
[PlyCount "55"]
[EventDate "2013.03.??"]
[EventType "swiss"]
[EventRounds "9"]
[EventCountry "USA"]
[Source "MonRoi"]

1. Nf3 Nf6 2. g3 g6 3. Bg2 Bg7 4. O-O O-O 5. c4 d5 6. cxd5 Nxd5 7. Nc3 Nb6 8.
d3 Nc6 9. Be3 Bg4 10. h3 Bd7 11. Rb1 Qc8 12. Kh2 Rd8 13. Qc1 Be8 14. b4 a6 15.
a4 Bxc3 16. Qxc3 Nxa4 17. Qc4 Nb6 18. Qh4 f6 19. Rfc1 Qe6 20. Rc5 Bf7 21. b5
axb5 22. Rcxb5 Ra4 23. Qh6 Nc8 24. Rxb7 Qd7 25. Bf4 e5 26. Ng5 Nd6 27. Qxh7+
Kf8 28. Rxc7 1-0

[Event "Philadelphia Open"]
[Site "Philadelphia"]
[Date "2013.03.28"]
[Round "3"]
[White "Fishbein, Alexander"]
[Black "Zenyuk, Iryna"]
[Result "1-0"]
[WhiteElo "2557"]
[BlackElo "2341"]
[PlyCount "82"]
[EventDate "2013.03.??"]
[EventType "swiss"]
[EventRounds "9"]
[EventCountry "USA"]
[Source "MonRoi"]

1. e4 c5 2. Nf3 Nc6 3. d4 cxd4 4. Nxd4 g6 5. Nc3 Bg7 6. Nb3 Nf6 7. Be2 O-O 8.
O-O d6 9. Bg5 Be6 10. Kh1 Na5 11. f4 Nc4 12. f5 Nxb2 13. Qc1 Bc4 14. Qxb2 Bxe2
15. Nxe2 Nxe4 16. f6 Nxf6 17. Nbd4 Ne4 18. Be3 Qc7 19. Rab1 b6 20. Qb3 Rac8 21.
Qd5 Nc3 22. Nxc3 Qxc3 23. Rb3 Qc4 24. Qxc4 Rxc4 25. Nb5 Rxc2 26. Nxa7 Rxa2 27.
Nc6 Re8 28. Rxb6 f5 29. Bg5 Bf8 30. Rb7 Re2 31. h3 h6 32. Bh4 g5 33. Nd4 Re5
34. Bf2 Bg7 35. g4 fxg4 36. hxg4 Re4 37. Nf5 Bf6 38. Bg3 Bg7 39. Bxd6 Rxg4 40.
Nxe7+ Kh8 41. Rf7 Bc3 1-0

[Event "Philadelphia Open"]
[Site "Philadelphia"]
[Date "2013.03.28"]
[Round "3"]
[White "Ippolito, Dean"]
[Black "Harriott, Tyrell"]
[Result "1-0"]
[WhiteElo "2516"]
[BlackElo "2179"]
[PlyCount "85"]
[EventDate "2013.03.??"]
[EventType "swiss"]
[EventRounds "9"]
[EventCountry "USA"]
[Source "MonRoi"]

1. d4 d6 2. Nf3 Nf6 3. c4 Nbd7 4. Nc3 e5 5. g3 Be7 6. Bg2 O-O 7. O-O Re8 8. h3
c6 9. e4 Qc7 10. Be3 Nf8 11. Rc1 Ng6 12. b4 Bd7 13. Qb3 h6 14. Rfd1 Nh7 15. d5
Ng5 16. Nxg5 hxg5 17. c5 dxc5 18. bxc5 Qc8 19. Kh2 Kh7 20. Rb1 b6 21. d6 Be6
22. Qb2 Bd8 23. Qd2 Qd7 24. Bxg5 f6 25. Be3 Rh8 26. f4 f5 27. g4 exf4 28. exf5
fxe3 29. fxg6+ Kg8 30. Qxe3 Bxg4 31. Rf1 Bf5 32. Rxf5 Bf6 33. Ne4 Rh4 34. Rxf6
Re8 35. Rf4 Rh6 36. Qb3+ Kh8 37. Qf7 Qd8 38. Rbf1 Rg8 39. Qe7 Rxg6 40. Qxd8
Rxd8 41. Rf8+ Kh7 42. Rxd8 bxc5 43. d7 1-0

[Event "Philadelphia Open"]
[Site "Philadelphia"]
[Date "2013.03.28"]
[Round "3"]
[White "Barnett, Alex"]
[Black "Checa, Nicolas De"]
[Result "1-0"]
[WhiteElo "2327"]
[BlackElo "2177"]
[PlyCount "71"]
[EventDate "2013.03.??"]
[EventType "swiss"]
[EventRounds "9"]
[EventCountry "USA"]
[Source "MonRoi"]

1. e4 e6 2. d3 d5 3. Nd2 Nf6 4. Ngf3 b6 5. e5 Nfd7 6. d4 c5 7. c3 Be7 8. Bd3
Ba6 9. Qe2 Bxd3 10. Qxd3 Nc6 11. a3 c4 12. Qe3 b5 13. O-O a5 14. Ne1 O-O 15. f4
Qc8 16. Qh3 f5 17. g4 g6 18. Ng2 Nb6 19. Nf3 Nd8 20. Ng5 Bxg5 21. fxg5 Ra7 22.
Qg3 Raf7 23. h4 Qd7 24. h5 fxg4 25. Rf6 Rxf6 26. gxf6 gxh5 27. Bh6 Re8 28. Qh4
Nf7 29. Bg7 Nh8 30. Nf4 Qf7 31. Qg5 Na4 32. Bh6+ Ng6 33. Nxg6 Qxg6 34. f7+ Kxf7
35. Rf1+ Kg8 36. Qe7 1-0

[Event "Philadelphia Open"]
[Site "Philadelphia"]
[Date "2013.03.28"]
[Round "3"]
[White "Williams, Justus"]
[Black "Strenzwilk, Denis"]
[Result "1-0"]
[WhiteElo "2317"]
[BlackElo "2202"]
[PlyCount "61"]
[EventDate "2013.03.??"]
[EventType "swiss"]
[EventRounds "9"]
[EventCountry "USA"]
[Source "MonRoi"]

1. Nf3 d6 2. c4 e5 3. Nc3 f5 4. d3 Nf6 5. g3 Be7 6. Bg2 O-O 7. c5 Na6 8. cxd6
cxd6 9. O-O Nc7 10. e4 Qe8 11. exf5 Bxf5 12. d4 e4 13. Ng5 d5 14. Qb3 Kh8 15.
Bf4 Ne6 16. Nxe6 Bxe6 17. Nxe4 Nxe4 18. Bxe4 Qd7 19. Bg2 Rac8 20. Rfe1 Bf6 21.
Be5 Rc6 22. Bxf6 gxf6 23. Qe3 Rfc8 24. Qf4 Qg7 25. h4 Qf7 26. Re2 Kg7 27. Rae1
Re8 28. Bxd5 Bxd5 29. Rxe8 Be6 30. R8xe6 Rxe6 31. Qg4+ 1-0

[Event "Philadelphia Open"]
[Site "Philadelphia"]
[Date "2013.03.28"]
[Round "3"]
[White "Williams, Chris"]
[Black "Helfst, Matt"]
[Result "0-1"]
[WhiteElo "2213"]
[BlackElo "2012"]
[PlyCount "94"]
[EventDate "2013.03.??"]
[EventType "swiss"]
[EventRounds "9"]
[EventCountry "USA"]
[Source "MonRoi"]

1. e4 e6 2. d4 d5 3. Nd2 dxe4 4. Nxe4 Bd7 5. Nf3 Bc6 6. Bd3 Nd7 7. Qe2 Ngf6 8.
Ng3 Bxf3 9. Qxf3 c6 10. O-O Be7 11. c4 O-O 12. Bf4 Re8 13. Rfe1 Nf8 14. Rad1
Ng6 15. Be5 Nd7 16. Nh5 Ndxe5 17. dxe5 Qa5 18. a3 Nxe5 19. Bxh7+ Kxh7 20. Qh3
Kg8 21. b4 Qa4 22. Qc3 Bf6 23. h4 Rad8 24. Rxd8 Rxd8 25. Nxf6+ gxf6 26. Qg3+
Kf8 27. Re4 Qc2 28. Qf4 Ke7 29. b5 Rg8 30. Rxe5 fxe5 31. Qe3 Qd1+ 32. Kh2 Qd4
33. Qe1 Qxh4+ 34. Kg1 Qxc4 35. Qxe5 cxb5 36. g3 a5 37. Qe3 Qd5 38. Qc3 Qc6 39.
Qd4 Qc4 40. Qe5 b4 41. Qxa5 b3 42. Qd2 Rg4 43. Kh2 Qd4 44. Qe1 b2 45. Kh3 Re4
46. Qf1 Re5 47. f4 Rc5 0-1

[Event "Philadelphia Open"]
[Site "Philadelphia"]
[Date "2013.03.29"]
[Round "4"]
[White "Corrales Jimenez, Fidel"]
[Black "Kekelidze, Mikheil"]
[Result "1-0"]
[WhiteElo "2601"]
[BlackElo "2488"]
[PlyCount "113"]
[EventDate "2013.03.??"]
[EventType "swiss"]
[EventRounds "9"]
[EventCountry "USA"]
[Source "MonRoi"]

1. e4 e5 2. Nf3 Nc6 3. Bb5 Nf6 4. O-O Nxe4 5. d4 Nd6 6. Bxc6 dxc6 7. dxe5 Nf5
8. Qxd8+ Kxd8 9. Nc3 a5 10. Rd1+ Ke8 11. h3 Bb4 12. Ne2 Be6 13. Nf4 Rd8 14.
Rxd8+ Kxd8 15. Nxe6+ fxe6 16. Bg5+ Ke8 17. Rd1 Ne7 18. g3 Bc5 19. Kg2 Rf8 20.
h4 h5 21. Rd2 Rf5 22. Ne1 Rxe5 23. Nd3 Rf5 24. Nf4 g6 25. Nxe6 Bd6 26. Ng7+ Kf7
27. Nxf5 Nxf5 28. Kf3 a4 29. Bf4 b5 30. Bxd6 cxd6 31. Kf4 Kf6 32. f3 d5 33. c3
Ng7 34. g4 Ne6+ 35. Ke3 Ke5 36. gxh5 gxh5 37. Rg2 c5 38. Rg6 b4 39. cxb4 cxb4
40. f4+ Kf5 41. Rg5+ Nxg5 42. fxg5 Ke5 43. Kd3 d4 44. b3 a3 45. g6 Kf6 46. Kxd4
Kxg6 47. Ke5 Kf7 48. Kf5 Ke7 49. Kg5 Ke6 50. Kxh5 Kf5 51. Kh6 Ke4 52. Kg5 Kd3
53. h5 Kc2 54. h6 Kb1 55. h7 Kxa2 56. h8=Q Kb1 57. Qd4 1-0

[Event "Philadelphia Open"]
[Site "Philadelphia"]
[Date "2013.03.29"]
[Round "4"]
[White "Naroditsky, Daniel"]
[Black "Van Kampen, Robin Oscar"]
[Result "1-0"]
[WhiteElo "2472"]
[BlackElo "2642"]
[PlyCount "71"]
[EventDate "2013.03.??"]
[EventType "swiss"]
[EventRounds "9"]
[EventCountry "USA"]
[Source "MonRoi"]

1. e4 c5 2. Nf3 d6 3. d4 cxd4 4. Nxd4 Nf6 5. Nc3 a6 6. h3 e5 7. Nde2 h5 8. Bg5
Be6 9. f4 Nbd7 10. f5 Bc4 11. Ng3 Rc8 12. Bxc4 Rxc4 13. Qd3 Qc7 14. O-O-O Be7
15. h4 b5 16. Kb1 Nc5 17. Qf3 Na4 18. Nxa4 bxa4 19. Bxf6 Bxf6 20. Nxh5 Rxh5 21.
Qxh5 Rxe4 22. Qf3 Rb4 23. c3 Rc4 24. Qa8+ Ke7 25. Qxa6 Rg4 26. Rd2 Qd7 27. Rhd1
Kf8 28. Qa8+ Qe8 29. Qb7 e4 30. Rxd6 e3 31. Qf3 Re4 32. Re6 fxe6 33. Qxe4 exf5
34. Qxe8+ Kxe8 35. Re1 f4 36. g3 1-0

[Event "Philadelphia Open"]
[Site "Philadelphia"]
[Date "2013.03.29"]
[Round "4"]
[White "Kreiman, Boris"]
[Black "Vigorito, David"]
[Result "1-0"]
[WhiteElo "2482"]
[BlackElo "2437"]
[PlyCount "83"]
[EventDate "2013.03.??"]
[EventType "swiss"]
[EventRounds "9"]
[EventCountry "USA"]
[Source "MonRoi"]

1. e4 c5 2. Nf3 d6 3. d4 cxd4 4. Nxd4 Nf6 5. Nc3 a6 6. Be3 e5 7. Nb3 Be6 8. Qd2
Nbd7 9. f4 Rc8 10. f5 Bxb3 11. axb3 d5 12. Nxd5 Nxe4 13. Qe2 Ndf6 14. Nxf6+
Qxf6 15. O-O-O Qxf5 16. g4 Qg6 17. Bg2 Be7 18. Rhf1 O-O 19. Rf5 Nc5 20. Rxe5
Rc7 21. Kb1 Rfc8 22. Bxc5 Bxc5 23. Bxb7 Rf8 24. Bxa6 Qb6 25. Bc4 Ra7 26. c3 g6
27. b4 Bd6 28. Red5 Bf4 29. Rd7 Rxd7 30. Rxd7 Qg1+ 31. Kc2 Kg7 32. h4 Qg3 33.
h5 Bg5 34. b5 Kh6 35. Bxf7 Qf4 36. hxg6 hxg6 37. Qe6 Qa4+ 38. Kb1 Rxf7 39. Qxf7
Qe4+ 40. Ka1 Qa4+ 41. Qa2 Qxb5 42. Rd1 1-0

[Event "Philadelphia Open"]
[Site "Philadelphia"]
[Date "2013.03.29"]
[Round "4"]
[White "Smith, Bryan"]
[Black "Jayakumar, Adarsh"]
[Result "1-0"]
[WhiteElo "2460"]
[BlackElo "2294"]
[PlyCount "69"]
[EventDate "2013.03.??"]
[EventType "swiss"]
[EventRounds "9"]
[EventCountry "USA"]
[Source "MonRoi"]

1. e4 c5 2. Nc3 d6 3. f4 Nc6 4. Nf3 g6 5. Bc4 Bg7 6. O-O e6 7. f5 Nf6 8. fxe6
fxe6 9. d3 O-O 10. a3 a6 11. Ba2 b5 12. Kh1 Bd7 13. Be3 Ng4 14. Bg1 Qe7 15. Qe2
Nge5 16. Nxe5 Bxe5 17. Rae1 Qg5 18. Nd1 Nd4 19. Bxd4 cxd4 20. Nf2 h5 21. Nh3
Qh6 22. Ng1 Bf6 23. Nf3 Qg7 24. Rg1 Rac8 25. g4 hxg4 26. Rxg4 Kh7 27. Reg1 e5
28. Ng5+ Bxg5 29. Rxg5 Qh6 30. Qg2 Rf6 31. Bf7 Rxf7 32. Rxg6 Qh5 33. Rg7+ Kh6
34. Rxf7 Qxf7 35. Qg5+ 1-0

[Event "Philadelphia Open"]
[Site "Philadelphia"]
[Date "2013.03.29"]
[Round "4"]
[White "Panchanathan, Magesh Chandran"]
[Black "Ostrovskiy, Aleksandr"]
[Result "1-0"]
[WhiteElo "2579"]
[BlackElo "2379"]
[PlyCount "61"]
[EventDate "2013.03.??"]
[EventType "swiss"]
[EventRounds "9"]
[EventCountry "USA"]
[Source "MonRoi"]

1. e4 c6 2. d4 d5 3. exd5 cxd5 4. c4 Nf6 5. Nc3 Nc6 6. Bg5 dxc4 7. d5 Ne5 8.
Bxc4 Nxc4 9. Qa4+ Bd7 10. Qxc4 b5 11. Qe2 Qb6 12. Nf3 b4 13. Ne4 Rd8 14. Bxf6
gxf6 15. d6 Be6 16. O-O Bg7 17. dxe7 Kxe7 18. Ng3 Rd5 19. Nh4 Qb5 20. Qe4 f5
21. Nhxf5+ Rxf5 22. Nxf5+ Qxf5 23. Qxb4+ Kf6 24. Rae1 a5 25. Qd6 Qd5 26. Qf4+
Qf5 27. Qg3 h5 28. h4 Rc8 29. Re3 Qg4 30. Qd6 Qxh4 31. Rfe1 1-0

[Event "Philadelphia Open"]
[Site "Philadelphia"]
[Date "2013.03.29"]
[Round "4"]
[White "Perez, Robert"]
[Black "Margvelashvili, Giorgi"]
[Result "1/2-1/2"]
[WhiteElo "2361"]
[BlackElo "2565"]
[PlyCount "81"]
[EventDate "2013.03.??"]
[EventType "swiss"]
[EventRounds "9"]
[EventCountry "USA"]
[Source "MonRoi"]

1. d4 Nf6 2. c4 e6 3. Nc3 Bb4 4. Qc2 c5 5. dxc5 O-O 6. Nf3 Na6 7. g3 Nxc5 8.
Bg2 Nce4 9. O-O Nxc3 10. bxc3 Be7 11. e4 d6 12. e5 dxe5 13. Nxe5 Nd7 14. Nxd7
Qxd7 15. Bf4 Bc5 16. Rfe1 Qe7 17. Rad1 f6 18. Be4 h6 19. Rb1 Kh8 20. Be3 Bxe3
21. Rxe3 e5 22. Qa4 Rd8 23. Bd5 Qc7 24. Qc2 Rb8 25. Qg6 Rf8 26. Rbe1 Bd7 27.
Be4 f5 28. Bd5 Rbe8 29. Qh5 Bc6 30. Bxc6 bxc6 31. Qe2 e4 32. f3 Qb6 33. Kh1
exf3 34. Qxf3 Rxe3 35. Qxe3 Qxe3 36. Rxe3 Rd8 37. Re5 Rd1+ 38. Kg2 Rd2+ 39. Kg1
Rxa2 40. Rxf5 Kg8 41. Rc5 1/2-1/2

[Event "Philadelphia Open"]
[Site "Philadelphia"]
[Date "2013.03.29"]
[Round "4"]
[White "Baginskaite, Camilla"]
[Black "Hambleton, Aman"]
[Result "0-1"]
[WhiteElo "2283"]
[BlackElo "2495"]
[PlyCount "90"]
[EventDate "2013.03.??"]
[EventType "swiss"]
[EventRounds "9"]
[EventCountry "USA"]
[Source "MonRoi"]

1. d4 e6 2. c4 Nf6 3. Nf3 b6 4. g3 Ba6 5. Qa4 c5 6. Bg2 Bb7 7. dxc5 Bxc5 8. O-O
O-O 9. Nc3 Be7 10. Bf4 a6 11. Rfd1 d6 12. Qa3 Ne8 13. b3 Nd7 14. Qb2 Qc7 15.
Rac1 Rd8 16. Qc2 Nef6 17. Bg5 h6 18. Bxf6 Nxf6 19. Nd4 Bxg2 20. Kxg2 Qb7+ 21.
Kg1 Rc8 22. Qd3 Rfd8 23. Qf3 Qd7 24. e4 Qb7 25. Qe2 Rc5 26. f3 Rdc8 27. Qd2 b5
28. cxb5 axb5 29. b4 Rc4 30. a3 d5 31. e5 Nd7 32. f4 Nxe5 33. Ncxb5 Qxb5 34.
fxe5 Qa4 35. Rxc4 Rxc4 36. Qd3 Bd8 37. Kg2 Bb6 38. Nf3 Qc6 39. Rd2 Rc3 40. Qa6
d4 41. Qe2 Re3 42. Qd1 g5 43. g4 h5 44. h3 hxg4 45. hxg4 Qe4 0-1

[Event "Philadelphia Open"]
[Site "Philadelphia"]
[Date "2013.03.29"]
[Round "4"]
[White "Balasubramanian, A."]
[Black "Ippolito, Dean"]
[Result "0-1"]
[WhiteElo "2351"]
[BlackElo "2423"]
[PlyCount "48"]
[EventDate "2013.03.??"]
[EventType "swiss"]
[EventRounds "9"]
[EventCountry "USA"]
[Source "MonRoi"]

1. Nf3 d5 2. d3 Nf6 3. Nbd2 g6 4. g3 Bg7 5. Bg2 O-O 6. O-O c5 7. e4 Nc6 8. c3
e5 9. Qa4 Re8 10. Re1 d4 11. cxd4 cxd4 12. b4 a5 13. b5 Nb4 14. Bf1 Nd7 15. Qb3
Qc7 16. Nc4 Nc5 17. Qb1 Be6 18. Ng5 Bxc4 19. dxc4 d3 20. Rd1 Nc2 21. b6 Qc6 22.
Rxd3 Nxd3 23. Qxc2 Nxc1 24. Rxc1 Bh6 0-1

[Event "Philadelphia Open"]
[Site "Philadelphia"]
[Date "2013.03.29"]
[Round "4"]
[White "Mandiza, Farai"]
[Black "Gorman, Dov"]
[Result "0-1"]
[WhiteElo "2441"]
[BlackElo "2243"]
[PlyCount "116"]
[EventDate "2013.03.??"]
[EventType "swiss"]
[EventRounds "9"]
[EventCountry "USA"]
[Source "MonRoi"]

1. Nf3 Nf6 2. d4 d5 3. c4 e6 4. g3 Be7 5. Bg2 O-O 6. O-O dxc4 7. Qa4 a6 8. Qxc4
b5 9. Qc2 Bb7 10. Bd2 Be4 11. Qc1 Qc8 12. Bg5 Nbd7 13. Nbd2 Bb7 14. Qb1 c5 15.
Rc1 Qb8 16. dxc5 Nxc5 17. Bxf6 gxf6 18. b4 Na4 19. Nd4 Bxg2 20. Kxg2 Qb7+ 21.
Kg1 Rac8 22. Rxc8 Rxc8 23. a3 f5 24. N2f3 Bf6 25. e3 Qd5 26. Qd3 Rc3 27. Qe2
Kg7 28. h4 h6 29. Kh2 Rc4 30. Rg1 Nc3 31. Qe1 Kf8 32. Nd2 Rc8 33. N4b3 Na4 34.
e4 fxe4 35. Nxe4 Bb2 36. Qe3 Kg7 37. g4 Rc4 38. Nbd2 Be5+ 39. Kh3 Rd4 40. f3
Rd3 41. Qe1 Bf4 42. Rg2 Rxa3 43. Re2 Nc3 44. Qc1 Nxe4 45. Qxa3 Nxd2 46. Qc3+ e5
47. Kg2 Nc4 48. g5 hxg5 49. hxg5 Qd1 50. Kf2 Bg3+ 51. Kxg3 Qxe2 52. Qa1 Qd2 53.
Qxa6 Qxg5+ 54. Kf2 Qe3+ 55. Kg3 Qg1+ 56. Kh3 Ne3 57. Qc8 Qg2+ 58. Kh4 Qh2+ 0-1

[Event "Philadelphia Open"]
[Site "Philadelphia"]
[Date "2013.03.29"]
[Round "4"]
[White "Chandra, Akshat"]
[Black "Pavlovic, Milos"]
[Result "0-1"]
[WhiteElo "2265"]
[BlackElo "2482"]
[PlyCount "70"]
[EventDate "2013.03.??"]
[EventType "swiss"]
[EventRounds "9"]
[EventCountry "USA"]
[Source "MonRoi"]

1. e4 c5 2. Nf3 d6 3. d4 cxd4 4. Nxd4 Nf6 5. Nc3 Nc6 6. Bg5 e6 7. Qd2 a6 8.
O-O-O Bd7 9. f4 Be7 10. Nf3 b5 11. Bxf6 gxf6 12. Kb1 Qb6 13. f5 O-O-O 14. g3
Kb8 15. Bh3 Bc8 16. fxe6 fxe6 17. Qe1 Rhe8 18. Ne2 Bf8 19. Rf1 Ne5 20. Nfd4 Nc4
21. Rxf6 Bg7 22. Rf7 Rd7 23. Rf3 Rc7 24. Rb3 Na5 25. Rbd3 Nb7 26. Nf3 b4 27.
Nf4 a5 28. e5 dxe5 29. Nxe5 Qc5 30. Re3 Qxc2+ 31. Ka1 Rd8 32. Rb1 Nc5 33. Qe2
Qa4 34. Nc4 b3 35. a3 Ba6 0-1

[Event "Philadelphia Open"]
[Site "Philadelphia"]
[Date "2013.03.29"]
[Round "4"]
[White "Wu, Christopher"]
[Black "Cheng, Bindi"]
[Result "0-1"]
[WhiteElo "2244"]
[BlackElo "2409"]
[PlyCount "72"]
[EventDate "2013.03.??"]
[EventType "swiss"]
[EventRounds "9"]
[EventCountry "USA"]
[Source "MonRoi"]

1. e4 c5 2. Nf3 d6 3. d4 cxd4 4. Nxd4 Nf6 5. Nc3 a6 6. Be3 e6 7. a4 Nc6 8. Be2
Be7 9. O-O O-O 10. Nb3 b6 11. f4 Bb7 12. Bf3 Qc7 13. Qd2 Rab8 14. Ne2 Na5 15.
Nxa5 bxa5 16. Qd3 Rfc8 17. Rfc1 Nd7 18. Ng3 Bf6 19. Bd4 e5 20. fxe5 Nxe5 21.
Qe3 g6 22. b3 Qe7 23. Qf2 h5 24. Rab1 h4 25. Ne2 h3 26. Nf4 Nxf3+ 27. gxf3 Bxd4
28. Qxd4 Qg5+ 29. Kh1 Qxf4 30. Qd3 Rc5 31. c4 d5 32. exd5 Bxd5 33. Rf1 Bc6 34.
Rbe1 Re5 35. Rxe5 Qxe5 36. Qd1 Qe3 0-1

[Event "Philadelphia Open"]
[Site "Philadelphia"]
[Date "2013.03.29"]
[Round "4"]
[White "Mulyar, Michael"]
[Black "Vibbert, Sean"]
[Result "1-0"]
[WhiteElo "2382"]
[BlackElo "2235"]
[PlyCount "141"]
[EventDate "2013.03.??"]
[EventType "swiss"]
[EventRounds "9"]
[EventCountry "USA"]
[Source "MonRoi"]

1. c4 Nf6 2. Nf3 e6 3. d4 d5 4. g3 dxc4 5. Bg2 a6 6. Ne5 Bb4+ 7. Nc3 Nd5 8. Bd2
Bxc3 9. bxc3 b5 10. a4 f6 11. e4 Ne7 12. Ng4 Bb7 13. Ne3 O-O 14. O-O Nd7 15.
Rb1 Nc8 16. Nxc4 bxc4 17. Rxb7 Ncb6 18. Qg4 Re8 19. a5 Qc8 20. e5 f5 21. Qe2
Nd5 22. Rbb1 c5 23. Qxc4 Qc6 24. Rfc1 Rac8 25. Qb3 Rb8 26. Qa2 c4 27. Bf1 Rxb1
28. Rxb1 Rc8 29. Ra1 Qc7 30. Qa4 Nf8 31. Bg2 Rb8 32. Bf1 Rc8 33. Qa3 Qc6 34.
Rb1 Qc7 35. Bg2 Rd8 36. Qc5 Qxc5 37. dxc5 Rc8 38. Bxd5 exd5 39. Rb6 Nd7 40.
Rxa6 Nxe5 41. Be3 Nc6 42. Rb6 Nxa5 43. Rd6 g6 44. Rxd5 Nb3 45. h4 Kf7 46. h5
Rc6 47. Rd7+ Ke6 48. Rxh7 gxh5 49. Rxh5 Ke5 50. Rh4 Kd5 51. Rf4 Rf6 52. Kf1 Ra6
53. Ke2 Ra2+ 54. Kf3 Rc2 55. Rxf5+ Ke6 56. Ke4 Rxc3 57. Re5+ Kd7 58. Kd5 Na5
59. Rh5 Rd3+ 60. Ke4 Kc6 61. Rh6+ Kb7 62. Rb6+ Ka7 63. Rb4 Ka6 64. c6 Rb3 65.
c7 Rxb4 66. c8=Q+ Kb5 67. Qd7+ Ka6 68. Kf3 Rb3 69. Kg2 c3 70. Qd3+ Kb7 71. Bd4
1-0

[Event "Philadelphia Open"]
[Site "Philadelphia"]
[Date "2013.03.29"]
[Round "4"]
[White "Melekhina, Alisa"]
[Black "Homa, Seth"]
[Result "0-1"]
[WhiteElo "2211"]
[BlackElo "2307"]
[PlyCount "114"]
[EventDate "2013.03.??"]
[EventType "swiss"]
[EventRounds "9"]
[EventCountry "USA"]
[Source "MonRoi"]

1. e4 c5 2. Nf3 e6 3. c3 d5 4. e5 d4 5. Bd3 Nc6 6. O-O Nge7 7. Re1 Nf5 8. Qe2
Be7 9. Na3 h5 10. h3 Qd7 11. b3 b6 12. Bb2 Bb7 13. Nc2 O-O-O 14. cxd4 Nfxd4 15.
Ncxd4 Nxd4 16. Nxd4 cxd4 17. Be4 d3 18. Qf3 Bg5 19. Ba3 Bxe4 20. Rxe4 Qd5 21.
Rc1+ Kb7 22. Bd6 Rd7 23. Rc3 f5 24. exf6 Bxf6 25. Rxd3 Qc6 26. Rxe6 Rc8 27. Rd5
Rcd8 28. Qd3 Be7 29. Bxe7 Qxe6 30. Rxd7+ Rxd7 31. Qf3+ Qc6 32. Qxc6+ Kxc6 33.
Bg5 Kc5 34. g4 hxg4 35. hxg4 Kb4 36. Bf4 Ka3 37. Be5 Kxa2 38. b4 a5 39. bxa5
bxa5 40. f4 a4 41. Kf1 a3 42. Ke2 Kb1 43. Kf3 a2 44. f5 Rxd2 45. Bxg7 Rb2 46.
Bxb2 Kxb2 47. Kf4 a1=Q 48. Kg5 Kc3 49. f6 Kd4 50. f7 Qf1 51. Kg6 Ke5 52. Kg7
Qf6+ 53. Kg8 Qg6+ 54. Kh8 Qxf7 55. g5 Kf5 56. g6 Qf8+ 57. Kh7 Kf6 0-1

[Event "Philadelphia Open"]
[Site "Philadelphia"]
[Date "2013.03.29"]
[Round "4"]
[White "Song, Michael"]
[Black "Defibaugh, Jared"]
[Result "1-0"]
[WhiteElo "2189"]
[BlackElo "2287"]
[PlyCount "33"]
[EventDate "2013.03.??"]
[EventType "swiss"]
[EventRounds "9"]
[EventCountry "USA"]
[Source "MonRoi"]

1. e4 e5 2. Nf3 Nc6 3. Bb5 a6 4. Ba4 Nge7 5. O-O g6 6. c3 Bg7 7. d4 exd4 8.
cxd4 b5 9. Bb3 d5 10. exd5 Nxd5 11. Re1+ Nce7 12. Bg5 Be6 13. Bxe7 Kxe7 14. Ng5
Re8 15. Qf3 Kf8 16. Nxe6+ Kg8 17. Bxd5 1-0

[Event "Philadelphia Open"]
[Site "Philadelphia"]
[Date "2013.03.29"]
[Round "4"]
[White "Shabalov, Alexander"]
[Black "Leon, Isaac"]
[Result "1-0"]
[WhiteElo "2550"]
[BlackElo "2107"]
[PlyCount "78"]
[EventDate "2013.03.??"]
[EventType "swiss"]
[EventRounds "9"]
[EventCountry "USA"]
[Source "MonRoi"]

1. c4 Nf6 2. Nc3 g6 3. e4 d6 4. d4 Bg7 5. f4 O-O 6. Nf3 e5 7. fxe5 dxe5 8. d5
c6 9. Bd3 Nbd7 10. O-O cxd5 11. cxd5 Ne8 12. Kh1 Nc5 13. Bc2 Nd6 14. Bg5 Qe8
15. b4 Na6 16. a3 Bd7 17. Bd3 Rc8 18. Rc1 Nb8 19. Nd2 f5 20. Qe2 f4 21. Nc4 Nf7
22. Bh4 g5 23. Bf2 b6 24. d6 Qe6 25. Rfd1 Kh8 26. b5 g4 27. g3 Ng5 28. Nd5 Nh3
29. Ne7 Rce8 30. Nf5 Rxf5 31. Nxb6 axb6 32. Bc4 Qh6 33. exf5 Bxf5 34. Bd5 f3
35. Qe3 Qxe3 36. Bxe3 Nd7 37. Rc7 Bf8 38. Bc6 Rd8 39. a4 Be6 1-0

[Event "Philadelphia Open"]
[Site "Philadelphia"]
[Date "2013.03.29"]
[Round "4"]
[White "Zenyuk, Iryna"]
[Black "Williams, Justus"]
[Result "1/2-1/2"]
[WhiteElo "2263"]
[BlackElo "2188"]
[PlyCount "34"]
[EventDate "2013.03.??"]
[EventType "swiss"]
[EventRounds "9"]
[EventCountry "USA"]
[Source "MonRoi"]

1. d4 Nf6 2. c4 e6 3. Nc3 Bb4 4. e3 b6 5. Bd3 Bb7 6. Nf3 c5 7. O-O O-O 8. Qe2
Re8 9. Bd2 cxd4 10. exd4 Bxf3 11. Qxf3 Nc6 12. Be3 e5 13. Nd5 Nxd5 14. Qxd5
exd4 15. Bxd4 Nxd4 16. Qxd4 Qe7 17. Rad1 Bc5 1/2-1/2

[Event "Philadelphia Open"]
[Site "Philadelphia"]
[Date "2013.03.29"]
[Round "4"]
[White "Harriott, Tyrell"]
[Black "Zhang, Yuanchen"]
[Result "1-0"]
[WhiteElo "2249"]
[BlackElo "2018"]
[PlyCount "49"]
[EventDate "2013.03.??"]
[EventType "swiss"]
[EventRounds "9"]
[EventCountry "USA"]
[Source "MonRoi"]

1. d4 Nf6 2. e3 e6 3. Bd3 d5 4. Nd2 c5 5. c3 Nc6 6. f4 Bd6 7. Nh3 cxd4 8. exd4
O-O 9. O-O b6 10. Nf3 Bb7 11. Qe2 Ne7 12. Nf2 Qc7 13. Ne5 Ng6 14. Bd2 Nd7 15.
Qh5 Ndxe5 16. fxe5 Be7 17. Ng4 f5 18. exf6 Bxf6 19. Bxg6 hxg6 20. Qxg6 Qe7 21.
Rf3 Bh4 22. Nh6+ Kh8 23. Nf7+ Kg8 24. Raf1 Rfb8 25. Bg5 1-0